Kolesa : roman /

Main Author: Hailey, Arthur, 1920-2004
Language: Russian
Published: Moskva : Progress, 1983
Physical Description: 439 s.
Book
Saved in:
LEADER 00718nam a2200217 a 4500
001 000460409
003 CZ BrMZK
005 20160216104536.0
007 ta
008 000105s1983 ru f rus d
040 |a BOA001  |b cze 
041 1 |a rus  |h eng 
080 |a 820(73)-31=82  |2 MRF 
100 1 |a Hailey, Arthur,  |d 1920-2004  |7 jn19990003074  |4 aut 
245 1 0 |a Kolesa :  |b roman /  |c Artur Chejli ; perevod s anglijskeho jazyka T.A. Kudrjavcevoj i V.P. Kotelkina ; predisloije G.V. Vasil'jeva 
260 |a Moskva :  |b Progress,  |c 1983 
300 |a 439 s. 
765 0 |t Wheels  |9 Rusky 
910 |a BOA001  |b 2-0876.886 
990 |a BK 
996 7 |b 2619216124  |c 2-0876.886  |l MZK  |r Sklad / do 1 hodiny  |n 5  |w 000460409  |u 000010  |a 1  |e BOA001  |j MZK50  |s A